Top 10 Most Popular Languages - Statistics

General Stats
  • This quiz has been taken 55 times
  • The average score is 8 of 10
Answer Stats
Hint Answer % Correct
USA/UK English
100%
East Asia Chinese (Mandarin)
98%
Paris French
96%
Iberia Spanish
96%
Middle East Arabic
91%
Large Country Russian
91%
India Hindi
87%
Java Indonesian
74%
Bangladesh Bengla/Bengali
70%
Used to be a Monarch country Portugese
24%
No matching quizzes found
Score Distribution
Percent of People with Each Score
Percentile by Number Answered
Your Score History
You have not taken this quiz